Library Banner

Tareekh i sultnat i Usmania = تاریخ سلطنت عثمانیہ : (Record no. 138831)

MARC details
000 -LEADER
fixed length control field 00574nam a22001577a 4500
005 - DATE AND TIME OF LATEST TRANSACTION
control field 20251010101133.0
008 - FIXED-LENGTH DATA ELEMENTS--GENERAL INFORMATION
fixed length control field 251010b |||||||| |||| 00| 0 eng d
020 ## - INTERNATIONAL STANDARD BOOK NUMBER
International Standard Book Number 9789699739057
040 ## - CATALOGING SOURCE
Transcribing agency PK-LaUMT
082 ## - DEWEY DECIMAL CLASSIFICATION NUMBER
Classification number 956.015
Item number HER-T
100 ## - MAIN ENTRY--PERSONAL NAME
Personal name Heraldliam = ہیرالڈلیم
245 ## - TITLE STATEMENT
Title Tareekh i sultnat i Usmania = تاریخ سلطنت عثمانیہ :
Remainder of title Suleman Aleshan (1494-1566) = (سلیمان علیشان (1494-1566 /
Statement of responsibility, etc by Heraldliam = ہیرالڈلیم
260 ## - PUBLICATION, DISTRIBUTION, ETC. (IMPRINT)
Place of publication, distribution, etc Lahore :
Name of publisher, distributor, etc Jumhoori Publications,
Date of publication, distribution, etc 2012
300 ## - PHYSICAL DESCRIPTION
Extent 352 p.
942 ## - ADDED ENTRY ELEMENTS (KOHA)
Koha item type Books
Holdings
Withdrawn status Lost status Damaged status Home library Current library Date acquired Full call number Barcode Date last seen Price effective from Koha item type Copy number
      UMT Main Campus UMT Main Campus 2025-10-10 956.015 HER-T 88739 2025-10-10 2025-10-10 Books  
      UMT Main Campus UMT Main Campus 2025-10-10 956.015 HER-T 100978 2025-10-10 2025-10-10 Books C.2
      UMT Main Campus UMT Main Campus 2025-10-10 956.015 HER-T 150911 2025-10-10 2025-10-10 Books C.3